[Event "World Rapid Women 2019"]
[Site "Moscow RUS"]
[Date "2019.12.28"]
[Round "9.30"]
[White "Bykova, Anastasia"]
[Black "Mkrtchian, Lilit"]
[Result "1/2-1/2"]
[WhiteTitle "WFM"]
[BlackTitle "IM"]
[WhiteElo "2247"]
[BlackElo "2395"]
[WhiteFideId "4164970"]
[BlackFideId "13300601"]
[EventDate "2019.12.26"]

1. d4 e6 2. c4 b6 3. Nf3 Bb7 4. g3 Bb4+ 5. Bd2 Bxf3 6. exf3 Bxd2+ 7. Qxd2 Ne7 8.
Bg2 c6 9. O-O O-O 10. f4 d5 11. b3 Nd7 12. Nc3 a6 13. Rfd1 Qb8 14. Rac1 Qd6 15.
Na4 dxc4 16. bxc4 b5 17. Nc3 Nf6 18. Ne4 Nxe4 19. Bxe4 g6 20. Qa5 Rfb8 21. Rd2
Ra7 22. Kg2 Qd8 23. Qc3 Rd7 24. Rcd1 Qb6 25. h4 h5 26. d5 cxd5 27. cxd5 exd5 28.
Bxd5 Nxd5 29. Rxd5 Rxd5 30. Rxd5 Rd8 31. Rxd8+ Qxd8 32. Qc6 Qa5 33. Qe8+ Kg7 34.
Qe5+ Kg8 35. Qe8+ Kg7 36. Qe5+ Kg8 37. Qe8+ 1/2-1/2

[Event "World Rapid Women 2019"]
[Site "Moscow RUS"]
[Date "2019.12.28"]
[Round "9.31"]
[White "Pourkashiyan, Atousa"]
[Black "Geller, Anastasiya"]
[Result "0-1"]
[WhiteTitle "WGM"]
[BlackTitle "WFM"]
[WhiteElo "2305"]
[BlackElo "2161"]
[WhiteFideId "12502014"]
[BlackFideId "24119059"]
[EventDate "2019.12.26"]

1. e4 c5 2. Nf3 d6 3. d4 cxd4 4. Nxd4 Nf6 5. Nc3 e6 6. Be2 Be7 7. O-O O-O 8. Be3
Nc6 9. Kh1 Qc7 10. f4 Nxd4 11. Bxd4 e5 12. Be3 exf4 13. Bxf4 Be6 14. Qd3 a6 15.
Rad1 Rfd8 16. Qg3 Ne8 17. Bd3 g6 18. Ne2 Bf6 19. Bg5 Bxg5 20. Qxg5 Qc5 21. Qh4
Ng7 22. Nf4 Qe5 23. Nd5 Bxd5 24. exd5 Re8 25. c3 Nh5 26. Qf2 Qe7 27. Rde1 Qd7
28. Be2 Ng7 29. h3 Re7 30. Bg4 f5 31. Rxe7 Qxe7 32. Re1 Qd7 33. Bf3 Re8 34. Rd1
Qb5 35. b3 b6 36. Qd2 a5 37. b4 axb4 38. cxb4 Re5 39. Qd4 Ne8 40. a4 Qxa4 41.
Qxb6 Kf7 42. b5 Qb4 43. Kh2 Qf4+ 44. Kg1 Qb4 45. Kh1 Nf6 46. Rf1 Nxd5 47. Bxd5+
Rxd5 48. Qc7+ Kf6 49. Qd8+ Kf7 50. Rc1 Rxb5 51. Rc7+ Ke6 52. Re7+ Kd5 53. Qg8+
Kd4 54. Qxh7 Qb1+ 55. Kh2 Re5 56. Rd7 Re6 57. Qh8+ Kd5 58. Qa8+ Ke5 59. Qa5+ Ke4
60. Qa4+ Ke5 61. Qa5+ Ke4 62. Rc7 Qd3 63. Rc3 Qd4 64. Qa8+ d5 65. Rf3 Qe5+ 66.
Kh1 Rb6 67. Qa4+ d4 68. Qa8+ Qd5 69. Qe8+ Qe5 70. Qa8+ Qd5 71. Qe8+ Qe6 72. Qa8+
Qc6 73. Qa2 d3 74. Rf1 Ke5 75. Qa1+ Ke6 76. Qg7 Kd5 77. Re1 d2 78. Qe5+ Kc4 79.
Rd1 Kd3 80. Qf4 Qc3 81. Qf2 Kc2 82. Qf1 Rd6 83. Qg1 Re6 84. Ra1 Qxa1 0-1

[Event "World Rapid Women 2019"]
[Site "Moscow RUS"]
[Date "2019.12.28"]
[Round "9.32"]
[White "Styazhkina, Anna"]
[Black "Guseva, Marina"]
[Result "0-1"]
[WhiteTitle "WIM"]
[BlackTitle "IM"]
[WhiteElo "2289"]
[BlackElo "2373"]
[WhiteFideId "24119300"]
[BlackFideId "4149351"]
[EventDate "2019.12.26"]

1. e4 c5 2. Nf3 d6 3. d4 cxd4 4. Qxd4 a6 5. c4 Nc6 6. Qd2 g6 7. Nc3 Bg7 8. b3
Bg4 9. Be2 Nf6 10. Bb2 O-O 11. O-O Qa5 12. Rfd1 Rfc8 13. h3 Bxf3 14. Bxf3 b5 15.
c5 dxc5 16. e5 Ne8 17. e6 f5 18. Qe3 Bd4 19. Qc1 Nf6 20. Bxc6 Rxc6 21. Nd5 Nxd5
22. Rxd4 Rd8 23. Rh4 Rxe6 24. Qh6 Kf7 25. Qxh7+ Ke8 26. Rd1 Re1+ 27. Rxe1 Qxe1+
28. Kh2 Qe6 29. Rh6 Nf4 30. Qg7 Qe4 31. f3 Qe2 32. Rh8+ Kd7 33. Rxd8+ Kxd8 0-1

[Event "World Rapid Women 2019"]
[Site "Moscow RUS"]
[Date "2019.12.28"]
[Round "9.33"]
[White "Dauletova, Gulmira"]
[Black "Kovalevskaya, Ekaterina"]
[Result "0-1"]
[WhiteTitle "WIM"]
[BlackTitle "IM"]
[WhiteElo "2250"]
[BlackElo "2407"]
[WhiteFideId "13702971"]
[BlackFideId "4116704"]
[EventDate "2019.12.26"]

1. e4 c5 2. Nf3 Nc6 3. d4 cxd4 4. Nxd4 e5 5. Nb5 d6 6. c4 Be7 7. N1c3 a6 8. Na3
Nf6 9. Bg5 Nxe4 10. Bxe7 Nxc3 11. Bxd8 Nxd1 12. Rxd1 Kxd8 13. Rxd6+ Ke7 14. Rd2
Bf5 15. Bd3 Bxd3 16. Rxd3 Rhd8 17. Rxd8 Rxd8 18. Ke2 Nb4 19. g3 Rd4 20. Ra1 Ke6
21. h4 f5 22. b3 e4 23. c5 Rd5 24. Nc4 Rxc5 25. a3 Nd5 26. a4 Rc7 27. a5 Nc3+
28. Kd2 Nb5 29. Ke2 Nd4+ 30. Kd1 Nxb3 31. Ra4 Rd7+ 32. Kc2 Nd4+ 33. Kb2 Nb5 34.
Kc2 Rd4 35. Kb3 Nd6 36. Nb6 Rxa4 37. Nxa4 Kd5 38. Kc3 Nc8 39. Kb4 Ne7 40. Nb6+
Kd4 41. Nd7 Nc6+ 42. Ka4 Kd3 43. Nc5+ Ke2 44. Nxb7 Kxf2 45. Nc5 e3 46. Nxa6 e2
47. Nc5 Nxa5 48. Nd3+ Ke3 49. Ne1 Nc6 50. Kb3 Nd4+ 51. Kc3 Nf3 52. Nc2+ Kf2 53.
h5 Kxg3 54. h6 gxh6 55. Kd3 Kf2 0-1

[Event "World Rapid Women 2019"]
[Site "Moscow RUS"]
[Date "2019.12.28"]
[Round "9.34"]
[White "Hejazipour, Mitra"]
[Black "Tomilova, Elena"]
[Result "1-0"]
[WhiteTitle "WGM"]
[BlackTitle "WGM"]
[WhiteElo "2277"]
[BlackElo "2341"]
[WhiteFideId "12505951"]
[BlackFideId "4162340"]
[EventDate "2019.12.26"]

1. d4 Nf6 2. c4 e6 3. g3 d5 4. Bg2 Bb4+ 5. Bd2 Be7 6. Nf3 O-O 7. O-O Nbd7 8. b3
c6 9. Nc3 b6 10. Qc2 Bb7 11. Rfd1 Rc8 12. e4 dxe4 13. Nxe4 c5 14. Nxf6+ Nxf6 15.
dxc5 Be4 16. Qb2 bxc5 17. Bf4 Qb6 18. Rd2 Qb7 19. Ne1 Bxg2 20. Nxg2 Ne4 21. Rd3
Bf6 22. Be5 Rfd8 23. Rad1 Rxd3 24. Rxd3 h6 25. Bxf6 Nxf6 26. Qe5 Qa6 27. Qe2 Qc6
28. Nf4 a5 29. Qe5 a4 30. h3 axb3 31. axb3 Ra8 32. Qe1 Ne4 33. h4 Ra2 34. Rd8+
Kh7 35. f3 g5 36. hxg5 hxg5 37. Ng2 Qc7 38. Qxe4+ Kg7 39. Ra8 Rd2 40. Kh2 Qd6
41. Qe3 f6 42. Ra7+ Kh6 43. Qe4 f5 44. Qb7 Rxg2+ 45. Kxg2 Qd2+ 46. Kh3 g4+ 47.
fxg4 fxg4+ 48. Kxg4 Qg5+ 49. Kf3 Qf6+ 50. Ke3 Qc3+ 51. Kf2 Qd2+ 52. Kg1 Qd1+ 53.
Kg2 Qe2+ 54. Kh1 Qh5+ 55. Kg1 Qd1+ 56. Kf2 Qd2+ 57. Kf3 Qd3+ 58. Kf4 Qd2+ 59.
Ke5 Qd4+ 60. Kxe6 Qg4+ 61. Kd6 Qxg3+ 62. Kxc5 Qe3+ 63. Kc6 Qe6+ 64. Kb5 Qe5+ 65.
Qd5 Qb8+ 66. Rb7 Qe8+ 67. Qc6+ 1-0

[Event "World Rapid Women 2019"]
[Site "Moscow RUS"]
[Date "2019.12.28"]
[Round "9.35"]
[White "Injac, Teodora"]
[Black "Fataliyeva, Ulviyya"]
[Result "0-1"]
[WhiteTitle "WIM"]
[BlackTitle "WGM"]
[WhiteElo "2284"]
[BlackElo "2387"]
[WhiteFideId "932400"]
[BlackFideId "13403052"]
[EventDate "2019.12.26"]

1. Nf3 e6 2. g3 f5 3. Bg2 Nf6 4. O-O Be7 5. c4 O-O 6. b3 d5 7. Bb2 a5 8. Nc3 c6
9. e3 Na6 10. cxd5 cxd5 11. Ne2 Nc5 12. Nf4 Bd6 13. Qc2 Bd7 14. Ne5 Bb5 15. Rfc1
Qe7 16. h4 a4 17. b4 Ncd7 18. Nxd7 Qxd7 19. a3 Bc4 20. Nd3 Bb3 21. Nc5 Bxc5 22.
Qxc5 Rac8 23. Qd4 Bc2 24. d3 Rfe8 25. f4 Qb5 26. Bf1 Rc6 27. Bc3 Bb3 28. Bd2
Rec8 29. Rxc6 Rxc6 30. e4 Rc2 31. Be3 Qc6 32. exf5 exf5 33. Re1 Ng4 34. Qb6 Qxb6
35. Bxb6 Ra2 36. Re7 Rxa3 37. Bd4 b5 38. Rxg7+ Kf8 39. Rxh7 Bc2 40. Bg2 Rxd3 41.
Rh8+ Ke7 42. Bc5+ Kf7 43. Rd8 Rd1+ 44. Bf1 Bd3 45. Rd7+ Ke8 46. Rxd5 Rxf1+ 47.
Kg2 Be4+ 48. Kxf1 Bxd5 49. Bd4 Kf7 50. Ke2 Nf6 0-1

[Event "World Rapid Women 2019"]
[Site "Moscow RUS"]
[Date "2019.12.28"]
[Round "9.36"]
[White "Nazarova, Anastasia"]
[Black "Doluhanova, Evgeniya"]
[Result "1/2-1/2"]
[WhiteTitle "WFM"]
[BlackTitle "WGM"]
[WhiteElo "2176"]
[BlackElo "2293"]
[WhiteFideId "34101737"]
[BlackFideId "14112035"]
[EventDate "2019.12.26"]

1. e4 c5 2. Nf3 d6 3. Bb5+ Nd7 4. O-O a6 5. Bd3 g6 6. a4 Bg7 7. c3 Ngf6 8. Re1
O-O 9. Bc2 Ne5 10. d4 Nxf3+ 11. Qxf3 Bg4 12. Qg3 Be6 13. Nd2 cxd4 14. cxd4 Rc8
15. Bd3 Nh5 16. Qe3 Qb6 17. Nf3 Bg4 18. a5 Qa7 19. e5 Rfd8 20. exd6 exd6 21. Bd2
Nf6 22. h3 Nd5 23. Qe4 Bxf3 24. Qxf3 Qxd4 25. Bg5 Re8 26. Red1 Qe5 27. Bxg6 hxg6
28. Rxd5 Qxb2 29. Rad1 Re5 30. Bh4 Rxd5 31. Qxd5 Be5 32. Bg3 Rc5 33. Qf3 Rc1 34.
Kh2 Bxg3+ 35. fxg3 Rxd1 36. Qxd1 Qe5 37. Qd2 d5 38. Qb4 Qc7 39. h4 Qd7 40. Qd4
Qb5 41. Qc3 Qc4 42. Qb2 d4 43. Qxb7 d3 44. Qb8+ Kh7 45. Qd6 Qc3 46. Qd7 Kg7 47.
h5 gxh5 48. Qd5 Kg6 49. Qd6+ f6 50. Qd5 d2 51. Qg8+ Kf5 52. Qd5+ Kg4 53. Qg8+
Kf5 54. Qd5+ Kg6 55. Qg8+ Kh6 56. Qh8+ 1/2-1/2

[Event "World Rapid Women 2019"]
[Site "Moscow RUS"]
[Date "2019.12.28"]
[Round "9.37"]
[White "Nurgali, Nazerke"]
[Black "Manakova, Maria"]
[Result "0-1"]
[WhiteTitle "WFM"]
[BlackTitle "WGM"]
[WhiteElo "2336"]
[BlackElo "2238"]
[WhiteFideId "13711261"]
[BlackFideId "927007"]
[EventDate "2019.12.26"]

1. d4 Nf6 2. c4 e6 3. g3 c5 4. d5 exd5 5. cxd5 d6 6. Nc3 g6 7. Bg2 Bg7 8. Nf3
O-O 9. O-O a6 10. a4 Nbd7 11. Bf4 Qe7 12. Re1 Ng4 13. e4 Nge5 14. Qd2 Rb8 15.
Bg5 f6 16. Bf4 b5 17. axb5 axb5 18. Ra7 b4 19. Na4 Rb7 20. Rxb7 Bxb7 21. b3 Ra8
22. Be3 Nc4 23. Qc2 Nxe3 24. Rxe3 Ba6 25. Bh3 Bb5 26. Nb2 Ra1+ 27. Re1 Rxe1+ 28.
Nxe1 f5 29. Nc4 Ne5 30. f3 Bxc4 31. bxc4 Qa7 32. exf5 Qa1 33. Qe2 b3 34. fxg6
hxg6 35. Be6+ Kh8 36. Kf1 b2 37. Qe4 Nxf3 38. Qxg6 Qxe1+ 39. Kg2 Qe2+ 0-1

[Event "World Rapid Women 2019"]
[Site "Moscow RUS"]
[Date "2019.12.28"]
[Round "9.38"]
[White "Cramling, Pia"]
[Black "Nebolsina, Vera"]
[Result "1-0"]
[WhiteTitle "GM"]
[BlackTitle "WGM"]
[WhiteElo "2461"]
[BlackElo "2240"]
[WhiteFideId "1700030"]
[BlackFideId "4163591"]
[EventDate "2019.12.26"]

1. d4 Nf6 2. c4 g6 3. f3 Bg7 4. e4 d6 5. Nc3 O-O 6. Be3 Nbd7 7. Qd2 a6 8. Nh3 c5
9. Nf2 cxd4 10. Bxd4 Nc5 11. Be2 e5 12. Bxc5 dxc5 13. Qxd8 Rxd8 14. Nd3 b6 15.
O-O-O Be6 16. b3 Nd7 17. Kc2 Bh6 18. g3 Be3 19. f4 Bd4 20. h4 b5 21. Nd5 Bxd5
22. cxd5 Rac8 23. Kb1 Rc7 24. fxe5 Nxe5 25. Nxe5 Bxe5 26. g4 c4 27. bxc4 bxc4
28. Kc2 Rb8 29. Rb1 Rb5 30. a4 Rb3 31. Rxb3 cxb3+ 32. Kxb3 a5 33. Bc4 Rb7+ 34.
Bb5 Rc7 35. Bc6 Rc8 36. Rd1 Kf8 37. Kc4 Rb8 38. Kc5 Ke7 39. d6+ Kd8 40. Kd5 f6
41. g5 Rb2 42. gxf6 Bxf6 43. Rf1 1-0

[Event "World Rapid Women 2019"]
[Site "Moscow RUS"]
[Date "2019.12.28"]
[Round "9.39"]
[White "Badelka, Olga"]
[Black "Nomin-Erdene, Davaademberel"]
[Result "1-0"]
[WhiteTitle "IM"]
[BlackTitle "IM"]
[WhiteElo "2399"]
[BlackElo "2425"]
[WhiteFideId "13509926"]
[BlackFideId "4900782"]
[EventDate "2019.12.26"]

1. c4 f5 2. Nf3 Nf6 3. g3 g6 4. Bg2 Bg7 5. d4 O-O 6. O-O d6 7. Nc3 c6 8. b3 Na6
9. Bb2 Qe8 10. Re1 h6 11. a3 Qf7 12. Qc2 Bd7 13. Rad1 Rac8 14. h3 b5 15. c5 Be6
16. d5 Nxd5 17. Nxd5 Bxd5 18. Bxg7 Qxg7 19. cxd6 exd6 20. b4 Nb8 21. Nd4 Bc4 22.
Nb3 d5 23. Nc5 Rfe8 24. g4 f4 25. e4 fxe3 26. fxe3 Re7 27. e4 Rce8 28. Qd2 dxe4
29. Rxe4 Rxe4 30. Bxe4 Rf8 31. Qd6 Kh7 32. Bxg6+ Kh8 33. Be4 h5 34. Qd4 hxg4 35.
Qxg7+ Kxg7 36. hxg4 Re8 37. Rd6 Rc8 38. Kf2 Kf7 39. g5 Ke7 40. Rh6 Rg8 41. g6
Kd6 42. Rh7 a5 43. Ke3 axb4 44. axb4 Ke5 45. Re7+ Kd6 46. Rb7 Bd5 47. Kd4 Re8
48. g7 Bg8 49. Bf5 Rd8 50. Ne4# 1-0

[Event "World Rapid Women 2019"]
[Site "Moscow RUS"]
[Date "2019.12.28"]
[Round "9.40"]
[White "Mamedjarova, Zeinab"]
[Black "Getman, Tatyana"]
[Result "1-0"]
[WhiteTitle "WGM"]
[BlackTitle "WFM"]
[WhiteElo "2278"]
[BlackElo "2265"]
[WhiteFideId "13401521"]
[BlackFideId "34166146"]
[EventDate "2019.12.26"]

1. d4 Nf6 2. c4 e6 3. Nf3 d5 4. e3 c5 5. cxd5 exd5 6. Nc3 Nc6 7. Be2 Be7 8. O-O
O-O 9. dxc5 Bxc5 10. b3 a6 11. Bb2 Ba7 12. Na4 b5 13. Rc1 Qd6 14. Nc3 Bb7 15.
Bd3 h6 16. Ne2 Ng4 17. Bb1 Rfe8 18. h3 Nxe3 19. fxe3 Bxe3+ 20. Kh1 Bxc1 21. Bxc1
d4 22. Qd3 Qf6 23. Qh7+ Kf8 24. Ng3 Ne7 25. Qh8+ Ng8 26. Ba3+ Re7 27. Nh5 Qe6
28. Re1 Bxf3 1-0

[Event "World Rapid Women 2019"]
[Site "Moscow RUS"]
[Date "2019.12.28"]
[Round "9.41"]
[White "Solozhenkina, Elizaveta"]
[Black "Guindy, Esmat Susanne"]
[Result "1-0"]
[WhiteTitle "WIM"]
[BlackTitle "WFM"]
[WhiteElo "2329"]
[BlackElo "2120"]
[WhiteFideId "34106615"]
[BlackFideId "1401637"]
[EventDate "2019.12.26"]

1. e4 e6 2. d4 d5 3. Nc3 Nf6 4. Bg5 dxe4 5. Nxe4 Be7 6. Bxf6 gxf6 7. Qd2 f5 8.
Nc3 c6 9. Nf3 Nd7 10. g3 b6 11. Bg2 Bb7 12. O-O-O Qc7 13. Ne5 Bf6 14. f4 Bxe5
15. dxe5 O-O-O 16. Qf2 Rhe8 17. Rhe1 Nf8 18. Nb1 Ng6 19. Nd2 h5 20. Nc4 Rxd1+
21. Rxd1 Rh8 22. Nd6+ Kb8 23. h4 Qe7 24. Nxb7 Kxb7 25. Rd6 Rc8 26. Qf3 f6 27.
Rxc6 fxe5 28. Rxe6+ e4 29. Rxe7+ 1-0

[Event "World Rapid Women 2019"]
[Site "Moscow RUS"]
[Date "2019.12.28"]
[Round "9.42"]
[White "Shafigullina, Zarina"]
[Black "Karavaeva, Olga"]
[Result "1-0"]
[WhiteTitle "WFM"]
[BlackTitle "WIM"]
[WhiteElo "2269"]
[BlackElo "2260"]
[WhiteFideId "24174220"]
[BlackFideId "4124111"]
[EventDate "2019.12.26"]

1. Nf3 d5 2. g3 c6 3. d4 Nf6 4. c4 e6 5. Qc2 Bd6 6. Bg2 Nbd7 7. O-O O-O 8. Rd1
Re8 9. b3 Qe7 10. Bb2 Ne4 11. Ne5 f5 12. Nd2 Nxe5 13. dxe5 Bc5 14. e3 a5 15.
Rac1 b6 16. Nf3 Ba6 17. Nd4 Rac8 18. Bf1 Bb7 19. Bg2 Rcd8 20. Ne2 Ba6 21. Nd4
Qc7 22. Bf1 Qb7 23. Bd3 g6 24. Kg2 Bf8 25. cxd5 Bxd3 26. Rxd3 c5 27. Ne2 exd5
28. h4 Bg7 29. f3 Bxe5 30. fxe4 fxe4 31. Rdd1 Qg7 32. Bxe5 Rxe5 33. Qc3 g5 34.
hxg5 Qxg5 35. Nf4 Rd7 36. Rh1 Rg7 37. Qe1 Qg4 38. Qf2 Reg5 39. Rh3 Qd7 40. Rd1
b5 41. Nh5 Qg4 42. Nxg7 Rxg7 1-0

[Event "World Rapid Women 2019"]
[Site "Moscow RUS"]
[Date "2019.12.28"]
[Round "9.43"]
[White "Balaian, Alina"]
[Black "Yakimova, Mariya"]
[Result "0-1"]
[WhiteTitle "WIM"]
[BlackTitle "WFM"]
[WhiteElo "2243"]
[BlackElo "2288"]
[WhiteFideId "24115347"]
[BlackFideId "34188859"]
[EventDate "2019.12.26"]

1. e4 c5 2. Nf3 Nc6 3. d4 cxd4 4. Nxd4 Nf6 5. Nc3 e5 6. Ndb5 d6 7. Bg5 a6 8. Na3
b5 9. Nd5 Be7 10. Bxf6 Bxf6 11. c3 O-O 12. Nc2 Bg5 13. a4 bxa4 14. Rxa4 a5 15.
Bc4 Rb8 16. b3 Kh8 17. Nce3 g6 18. O-O f5 19. exf5 gxf5 20. f4 exf4 21. Nc2 f3
22. Qxf3 Ne5 23. Qe2 f4 24. Nd4 Rb7 25. Bd3 Rg7 26. Be4 Bg4 27. Qf2 Bh4 28. g3
Bg5 29. Bg2 Rgf7 30. Nxf4 Nd3 31. Qc2 Nxf4 32. gxf4 Bxf4 33. Qd3 Qg5 34. Kh1 Be5
35. Rxf7 Rxf7 36. h3 Qc1+ 37. Bf1 Rxf1+ 38. Kg2 Rg1+ 0-1

[Event "World Rapid Women 2019"]
[Site "Moscow RUS"]
[Date "2019.12.28"]
[Round "9.44"]
[White "Bodnaruk, Anastasia"]
[Black "Munkhzul, Turmunkh"]
[Result "1/2-1/2"]
[WhiteTitle "IM"]
[BlackTitle "WIM"]
[WhiteElo "2413"]
[BlackElo "2278"]
[WhiteFideId "4181751"]
[BlackFideId "4901878"]
[EventDate "2019.12.26"]

1. e4 e5 2. Nf3 Nc6 3. Bc4 Bc5 4. d3 Nf6 5. Bg5 h6 6. Bh4 Be7 7. O-O O-O 8. a4
d6 9. c3 Nh5 10. Bg3 Nxg3 11. fxg3 Be6 12. Nbd2 Qd7 13. a5 a6 14. b4 d5 15. exd5
Bxd5 16. Qe2 Rad8 17. Rad1 Bxc4 18. Nxc4 f6 19. Nh4 Bd6 20. Nf5 Ne7 21. Nce3
Nxf5 22. Nxf5 Rf7 23. d4 Re8 24. Qh5 Kh7 25. Nh4 e4 26. Rde1 Rfe7 27. Re3 Re6
28. Qf5+ Kg8 29. Rxe4 Qf7 30. Rxe6 Qxe6 31. Qxe6+ Rxe6 32. Kf2 Bf8 33. Rd1 Kf7
34. Nf3 Rc6 35. Rd3 b6 36. d5 Rd6 37. Ke3 bxa5 38. bxa5 Rd8 39. Kd4 Rb8 40. c4
Rb4 41. Nd2 Bd6 42. Ne4 Be5+ 43. Kc5 Ra4 44. d6 cxd6+ 45. Nxd6+ Bxd6+ 46. Rxd6
Rxa5+ 47. Kb6 Ra2 48. Rd7+ Ke6 49. Rxg7 Rxg2 50. h4 Rb2+ 51. Kc6 a5 52. c5 a4
53. Ra7 Ra2 54. Kc7 a3 55. c6 Kf5 56. Kd8 Rd2+ 57. Ke7 Re2+ 58. Kd8 Rd2+ 59. Ke8
Re2+ 60. Kd7 Rd2+ 61. Ke7 Re2+ 62. Kd6 Rd2+ 63. Kc5 Rc2+ 64. Kb6 Rb2+ 65. Kc7 a2
66. Ra4 Rc2 67. Kd7 Rd2+ 68. Kc8 h5 69. c7 Kg6 70. Ra5 Rb2 71. Kd7 Rd2+ 72. Ke6
Re2+ 73. Kd6 Rd2+ 74. Ke7 Re2+ 75. Kd8 Rd2+ 76. Kc8 Rb2 77. Ra8 Kf5 78. Kd7 Rd2+
79. Ke7 Re2+ 80. Kd6 Rd2+ 81. Kc6 Rc2+ 82. Kd7 Rd2+ 83. Ke7 Re2+ 84. Kd7 Rd2+
85. Kc8 Kg4 86. Ra3 f5 87. Kb7 Rb2+ 88. Ka6 Rc2 89. Kb6 Rb2+ 90. Ka6 Rc2 91. Kb7
Rb2+ 92. Kc6 Rc2+ 93. Kd6 Rd2+ 94. Kc6 Rc2+ 95. Kb7 Rb2+ 96. Kc6 Rc2+ 97. Kb7 1/2-1/2

[Event "World Rapid Women 2019"]
[Site "Moscow RUS"]
[Date "2019.12.28"]
[Round "9.45"]
[White "Sargsyan, Anna M."]
[Black "Antova, Gabriela"]
[Result "1-0"]
[WhiteTitle "WIM"]
[BlackTitle "FM"]
[WhiteElo "2382"]
[BlackElo "2314"]
[WhiteFideId "13308130"]
[BlackFideId "2915235"]
[EventDate "2019.12.26"]

1. e4 c5 2. Nf3 d6 3. Bb5+ Nd7 4. O-O a6 5. Bd3 Ngf6 6. c3 e6 7. Bc2 c4 8. b3 b5
9. bxc4 bxc4 10. Qe2 Qc7 11. Na3 Nb6 12. Rb1 Be7 13. d4 cxd3 14. Qxd3 Bb7 15.
Re1 O-O 16. Bg5 Nbd7 17. Nd2 Ne5 18. Qh3 h6 19. Bh4 Rac8 20. Nac4 Nxc4 21. Nxc4
Bxe4 22. Bxe4 Qxc4 23. Bd3 Qxc3 24. Qe3 Qc5 25. Rb7 Qxe3 26. fxe3 Bd8 27. Bxa6
Ra8 28. Bc4 Ra4 29. Rc1 d5 30. Bxf6 dxc4 31. Bd4 Bg5 32. g3 e5 33. Bb6 Rc8 34.
h4 Bf6 35. Rc2 e4 36. Bc7 c3 37. Kf2 Rc4 38. Ba5 R4c5 39. Bb4 Rd5 40. a4 Rcd8
41. Ke2 Rd2+ 42. Rxd2 Rxd2+ 43. Ke1 Ra2 44. Rc7 Be5 45. Rc8+ Kh7 46. g4 Bg3+ 47.
Kd1 Bxh4 48. a5 Rd2+ 49. Kc1 Rd3 50. a6 Bf2 51. Bc5 Rd5 52. a7 Rxc5 53. Rxc5
Bxe3+ 54. Kc2 Bxc5 55. a8=Q e3 56. Qe4+ g6 57. Qd5 Bf8 58. Qxf7+ Bg7 59. Kd3 g5
60. Kxe3 Kh8 61. Ke4 Kh7 62. Kf5 1-0

[Event "World Rapid Women 2019"]
[Site "Moscow RUS"]
[Date "2019.12.28"]
[Round "9.46"]
[White "Diakonova, Ekaterina"]
[Black "Zhukova, Natalia"]
[Result "1-0"]
[BlackTitle "GM"]
[WhiteElo "2218"]
[BlackElo "2324"]
[WhiteFideId "24172936"]
[BlackFideId "14101513"]
[EventDate "2019.12.26"]

1. e4 e5 2. Nf3 Nc6 3. Bb5 g6 4. c3 Bg7 5. d4 exd4 6. cxd4 a6 7. Ba4 b5 8. Bc2
d6 9. h3 Nf6 10. Nc3 O-O 11. O-O Bb7 12. b3 Nb4 13. Bb1 c5 14. Bb2 Nc6 15. d5
Ne5 16. Nxe5 dxe5 17. a4 b4 18. Ne2 Nd7 19. Ng3 a5 20. Bd3 Ba6 21. Bxa6 Rxa6 22.
Qd3 Rd6 23. Qc2 h5 24. f4 h4 25. fxe5 Nxe5 26. Ne2 f5 27. Nf4 Qb6 28. Kh1 fxe4
29. Qxe4 Re8 30. Ne6 Rdxe6 31. dxe6 Qxe6 32. Bxe5 Qxe5 33. Qxg6 Re6 34. Qg4 Rh6
35. Rae1 Qd5 36. Re7 Qd4 37. Re8+ Kh7 38. Qf5+ Rg6 39. Re6 1-0

[Event "World Rapid Women 2019"]
[Site "Moscow RUS"]
[Date "2019.12.28"]
[Round "9.47"]
[White "Zhuravleva, Olga"]
[Black "Kulon, Klaudia"]
[Result "0-1"]
[WhiteTitle "WIM"]
[BlackTitle "IM"]
[WhiteElo "2278"]
[BlackElo "2345"]
[WhiteFideId "4145933"]
[BlackFideId "1131044"]
[EventDate "2019.12.26"]

1. e4 e5 2. Nf3 Nc6 3. Bc4 Nf6 4. Ng5 d5 5. exd5 Na5 6. Bb5+ c6 7. dxc6 bxc6 8.
Be2 h6 9. Nf3 e4 10. Ne5 Bd6 11. f4 exf3 12. Nxf3 O-O 13. d4 Rb8 14. O-O Re8 15.
Nc3 c5 16. d5 c4 17. Kh1 Qc7 18. Nd4 Qe7 19. Bf3 Qe5 20. g3 Bh3 21. Bf4 Qe7 22.
Bg2 Bxg2+ 23. Kxg2 Bxf4 24. Rxf4 Rxb2 25. Nf5 Qe5 26. Qd2 Rd8 27. Raf1 Kh7 28.
Ne3 Rb7 29. Rf5 Qe7 30. Qd4 Re8 31. Nxc4 Rb4 32. Qd3 Nxc4 33. Re5+ Kg8 34. Rxe7
Rxe7 35. Rf3 Rd7 36. Qf5 Rb2 37. Kh3 Nb6 38. Qd3 Nbxd5 39. Nxd5 Rxd5 40. Qc3
Rxa2 41. Qc8+ Kh7 42. Qc4 Raa5 43. Kg2 Rac5 44. Qe2 a5 45. c4 Rd4 46. Qc2+ Kg8
47. Rf4 Nd5 48. Qf2 Nxf4+ 49. gxf4 Rcxc4 50. Qe2 Rxf4 51. Qe8+ Kh7 52. Qb5 a4
53. Kg3 Rb4 54. Qd3+ g6 55. Qc2 Rfc4 56. Qf2 Kg7 57. h3 a3 58. Qa7 Rc3+ 59. Kf2
Rb2+ 0-1

[Event "World Rapid Women 2019"]
[Site "Moscow RUS"]
[Date "2019.12.28"]
[Round "9.48"]
[White "Belenkaya, Dina"]
[Black "Mikhaylova, Irina"]
[Result "0-1"]
[WhiteTitle "WGM"]
[BlackTitle "WGM"]
[WhiteElo "2298"]
[BlackElo "2288"]
[WhiteFideId "24142654"]
[BlackFideId "4109040"]
[EventDate "2019.12.26"]

1. e4 c5 2. Nc3 Nc6 3. Nge2 d6 4. g3 g6 5. Bg2 Bg7 6. O-O e6 7. d3 Nge7 8. Bg5
h6 9. Be3 Nd4 10. Qd2 Nec6 11. Nc1 Rb8 12. Nd1 h5 13. c3 Nb5 14. h4 e5 15. Ne2
O-O 16. Bh6 Be6 17. Bxg7 Kxg7 18. Ne3 Rc8 19. a4 Nc7 20. d4 Bg4 21. f3 Bd7 22.
Rad1 Be8 23. f4 exf4 24. Nxf4 cxd4 25. cxd4 Bd7 26. Rf2 a5 27. Rdf1 Nb4 28. d5
Ne8 29. Nxh5+ gxh5 30. Nf5+ Bxf5 31. Rxf5 f6 32. Rxh5 Rh8 33. Rff5 Rc7 34. Rxh8
Kxh8 35. Qh6+ Kg8 36. Rh5 Rg7 37. Bh3 Kf8 38. Be6 Qb6+ 39. Kg2 Qd4 40. Qf4 Nd3
41. Qf1 Qxb2+ 42. Kh3 Nf2+ 43. Kg2 Nxe4+ 44. Kf3 Nd2+ 45. Kf4 Nxf1 0-1

[Event "World Rapid Women 2019"]
[Site "Moscow RUS"]
[Date "2019.12.28"]
[Round "9.49"]
[White "Khokhlova, Daria"]
[Black "Paramzina, Anastasya"]
[Result "1-0"]
[BlackTitle "WGM"]
[WhiteElo "2208"]
[BlackElo "2224"]
[WhiteFideId "24182729"]
[BlackFideId "4165012"]
[EventDate "2019.12.26"]

1. d4 Nf6 2. c4 g6 3. Nc3 Bg7 4. e4 d6 5. Be2 O-O 6. f4 c5 7. Nf3 cxd4 8. Nxd4
a6 9. Be3 e5 10. fxe5 dxe5 11. Nf3 Nc6 12. O-O Be6 13. Kh1 h6 14. Qc1 Kh7 15.
Rd1 Qe8 16. Nd5 Bxd5 17. exd5 Nb8 18. c5 e4 19. Ne1 Nbd7 20. Bd4 Ne5 21. d6 Nc6
22. Bc3 Nd7 23. Bxg7 Kxg7 24. Qc3+ Kh7 25. Rac1 f5 26. Nc2 h5 27. Ne3 f4 28. Nd5
Rc8 29. Qh3 Rf5 30. Nc7 Qe5 31. Bg4 Rcf8 32. Bxf5 Rxf5 33. Qc3 f3 34. Qxe5 Ncxe5
35. gxf3 exf3 36. Nd5 g5 37. Ne7 Rf4 38. c6 bxc6 39. Nxc6 Nxc6 40. Rxc6 g4 41.
Rc7 Rf7 42. Kg1 f2+ 43. Kf1 h4 44. Rd4 g3 45. Rxh4+ Kg6 46. hxg3 Kg5 47. Re4 Nf6
48. Rxf7 Nxe4 49. d7 1-0